000 00484nam a2200181Ia 4500
001 12886
005 20260306163013.0
008 260306t2007||||xx |||||||||||||| ||spa||
041 _aESP
082 _a443
_bL26
100 _aGarcía-Pelayo y Gross, Ramón
_eAUT
245 0 _aLarousse Diccionario General:
_bFrançais espagnol - Español Francés
260 _c2007
300 _axv, 772, 901 páginas :
_c25 cm.
650 _aGEN
654 _aCHU
942 _cDIC
_dJUS
_fJUS
_2ddc
_n
999 _c12886
_d12886